|
|
|
|
| LEADER |
00000cam a2200000 i 4500 |
| 001 |
1/83529 |
| 008 |
990604s1995####gw | | ||| |||| ||gre|| |
| 020 |
|
|
|a 3980236498
|
| 035 |
|
|
|l 10051370
|
| 040 |
|
|
|a GR-MY-UA
|b gre
|e aacr
|
| 041 |
0 |
|
|a gre
|a ger
|
| 082 |
0 |
|
|a 780.92
|
| 245 |
1 |
0 |
|a Μίκης Θεοδωράκης :
|b ζωή για μουσική και ελευθερία = Mikis Theodorakis : leben fur musik und freiheit /
|c Μεταξύ άλλων με άρθρα των Hans Braitsch...[κ. ά.] ; Μετάφρασεις Heleana Buduri; Maria Elisabeth Nienborg.
|
| 246 |
1 |
|
|i Παράλληλος τίτλος:
|a Mikis Theodorakis :
|b leben fur musik und freiheit
|
| 260 |
|
|
|a Germany :
|b Hamburg,
|c 1995.
|
| 300 |
|
|
|a 114 σ.
|
| 500 |
|
|
|a Ενα πανηγυρικό τεύχος για τα 70α γενέθλια του Μίκη Θεοδωράκη εκδοθέν από την Καλή Κύπρο.
|
| 504 |
|
|
|a Βιβλιογραφία: σ. 114.
|
| 600 |
1 |
0 |
|a Θεοδωράκης, Μίκης,
|d 1925-2021.
|
| 650 |
0 |
0 |
|a Musicians
|z Greece
|x Biography.
|
| 700 |
1 |
|
|a Braitsch, Hans.
|
| 700 |
1 |
|
|a Βουντούρη, Ελεάνα.
|4 trl
|
| 700 |
1 |
|
|a Nienborg, Maria-Elisabeth.
|4 trl
|
| 852 |
|
|
|a INST
|b LESVOS
|e 19990604
|h 780.92 ΜΙΚ
|p 005100015958
|q 005100015958
|t BK
|y 0
|
| 909 |
|
|
|a Λ
|b 063633
|
| 970 |
|
|
|z 2000/06/ΟΙΚΟΝΟΜΟΠΟΥΛΟΥ ΧΡΙΣΤΙΝΑ
|